000 00305nam a2200121Ia 4500
005 20251222143258.0
008 251222s9999||||xx |||||||||||||| ||spa||
082 _a338.972/R72
100 _aRoel Pineda, Virgilio
245 0 _aLa Crisis General de la Globalización:
264 _bCartolan
942 _cLIB
999 _c15229
_d15229